| LEADER 01174nam 2200277 a 4500 |
| 001 13399123425 |
| 003 ULIBM |
| 008 030417s2550 caua sb 001 0 tha |
| 099 ^aว ผม.มธ. 1 2550 |
| 100 ^aอัมพิกา พรพรหมประทาน |
| 245 ^aการเปลี่ยนแปลงบทบาทของย่านสามย่าน กรุงเทพมหานคร /^cอัมพิกา พรพรหมประทาน. |
| 246 ^aThe changing role of Samyan Distrlct, Bangkok /^cAmpica Pornprompratan. |
| 260 ^aกรุงเทพฯ :^bมหาวิทยาลัยธรรมศาสตร์,^c2550. |
| 300 ^aก-ฐ, 149 แผ่น. |
| 500 ^aวิทยานิพนธ์คณะสถาปัตยกรรมศาสตร์--สาขาการผังเมืองบัณฑิต. |
| 650 7 ^aประโยชน์ที่ดินที่อยู่อาศัย^xพาณิชยกรรม. |
| 650 7 ^aแนวคิดเกี่ยวกับเมือง. |
| 650 7 ^aการใช้ที่ดินในเมือง. |
| 710 0 ^aกฤตพร ห้าวเจริญ, ^eอาจารย์ที่ปรึกษา. |
| 856 ^uhttps://digital.library.tu.ac.th/tu_dc/frontend/Info/item/dc:339087 ^zเอกสารฉบับเต็ม (ดูรายบทคลิกที่ Bookmarks) |
| 913 ^aImported by ULIBM Administrator |
| 949 ^aImport form external file by ULIBM system |